Project Management: (Record no. 183235)

MARC details
000 -LEADER
fixed length control field 00699 a2200205 4500
005 - DATE AND TIME OF LATEST TRANSACTION
control field 20211221141040.0
010 ## - LCCN (DPL NO)
LC control number ENG-130447
020 ## - INTERNATIONAL STANDARD BOOK NUMBER
International Standard Book Number 978-93-5460-207-8
Terms of availability 850.00
035 ## - SYSTEM CONTROL NUMBER
System control number EN-113979
037 ## - SOURCE OF ACQUISITION
Source of stock number/acquisition DBAD/PUB
082 ## - DEWEY DECIMAL CLASSIFICATION NUMBER
Classification number 658.404
Item number 1
100 ## - MAIN ENTRY--PERSONAL NAME
Personal name Larson, Erik W
245 ## - TITLE STATEMENT
Title Project Management:
Statement of responsibility, etc Erik W Larson, Clifford F Gray, Rohit Joshi
Remainder of title The Managerial Process
260 ## - PUBLICATION, DISTRIBUTION, ETC. (IMPRINT)
Place of publication, distribution, etc Tamill Nadu
Name of publisher, distributor, etc McGraw Hill Education Private Limited
Date of publication, distribution, etc 2021
270 ## - ADDRESS
Address 444/1, Sri Ekambara Naicker Industrial Estate, Alapakkam, Porur
City Chennai
Postal code 600116
300 ## - PHYSICAL DESCRIPTION
Extent 730p.
Dimensions 25cm (pbk)
700 ## - ADDED ENTRY--PERSONAL NAME
Personal name Gray, Clifford F
700 ## - ADDED ENTRY--PERSONAL NAME
Personal name Joshi, Rohit
942 ## - ADDED ENTRY ELEMENTS (KOHA)
Institution code [OBSOLETE] dpl
Item type English Books
Source of classification or shelving scheme Dewey Decimal Classification
Classification part 658.404
Call number suffix LAR
Holdings
Withdrawn status Lost status Not for loan Collection code Home library Current library Date acquired Source of acquisition Cost, normal purchase price Full call number Barcode Copy number Cost, replacement price Koha item type
      Non-fiction Central Library Central Library 21/12/2021 DBAD/PUB 927.00 658.404 LAR EN-113979 1 927.00 English Books

© Delhi Public Library
Hit Counter
free hit counter